|
|
|
|
| LEADER |
00000nam0a2200000 4500 |
| 001 |
243508 |
| 005 |
20231101231957.0 |
| 035 |
|
|
|a (RuTPU)RU\TPU\book\264852
|
| 090 |
|
|
|a 243508
|
| 100 |
|
|
|a 20130930d1978 k y0rusy50 ca
|
| 101 |
0 |
|
|a rus
|
| 102 |
|
|
|a RU
|
| 105 |
|
|
|a a z 001zy
|
| 200 |
1 |
|
|a Методы прикладной математики в нефтяной и газовой промышленности
|f Московский институт нефтехимической и газовой промышленности им. И. М. Губкина (МИНХиГП) ; под ред. С. Г. Кожевиной
|
| 210 |
|
|
|a Москва
|d 1978
|
| 215 |
|
|
|a 230 с.
|c ил.
|
| 225 |
1 |
|
|a Труды
|v Вып. 140
|
| 320 |
|
|
|a Библиогр. в конце ст.
|
| 606 |
1 |
|
|a Нефтяное дело
|x Численные методы
|2 stltpush
|3 (RuTPU)RU\TPU\subj\45928
|9 65117
|
| 606 |
1 |
|
|a Нефтяной газ
|2 stltpush
|3 (RuTPU)RU\TPU\subj\45938
|9 65127
|
| 610 |
1 |
|
|a нефтяная промышленность
|
| 610 |
1 |
|
|a газовая промышленность
|
| 610 |
1 |
|
|a математическое моделирование
|
| 610 |
1 |
|
|a имитационное моделирование
|
| 610 |
1 |
|
|a кристаллизация
|
| 675 |
|
|
|a 622.323
|v 3
|
| 675 |
|
|
|a 665.6
|v 3
|
| 702 |
|
1 |
|a Кожевина
|b С. Г.
|4 340
|
| 712 |
0 |
2 |
|a Московский институт нефтехимической и газовой промышленности им. И. М. Губкина (МИНХиГП)
|c (1958-1991)
|2 stltpush
|3 (RuTPU)RU\TPU\col\5781
|
| 801 |
|
1 |
|a RU
|b 63413507
|c 20130930
|
| 801 |
|
2 |
|a RU
|b 63413507
|c 20161214
|g RCR
|
| 942 |
|
|
|c BK
|